|
|
|
|
| LEADER |
01141nam a2200325 a 4500 |
| 001 |
000041948 |
| 003 |
4744 |
| 005 |
20190724101710.0 |
| 008 |
171030s1990 |
| 040 |
|
|
|a LNN
|
| 082 |
0 |
|
|a 428.24
|b CO-J
|
| 100 |
1 |
|
|a Corbett, Jim
|
| 245 |
0 |
0 |
|a English for international banking and finance :
|b [student's book] /
|c Jim Corbett.
|
| 260 |
|
|
|a Cambridge :
|b Cambridge University Press,
|c 1990.
|
| 300 |
|
|
|a 81p.
|
| 630 |
0 |
4 |
|a Business English.
|
| 630 |
0 |
4 |
|a Bank.
|
| 650 |
0 |
4 |
|a English language
|x Textbooks for foreign speakers.
|
| 650 |
0 |
4 |
|a English language
|x Business English
|x Textbooks for foreign speakers.
|
| 650 |
0 |
4 |
|a International finance
|x Terminology.
|
| 650 |
0 |
4 |
|a Banks and banking
|x Terminology.
|
| OWN |
|
|
|a LNN
|
| AVA |
|
|
|a UDN50
|b LNN
|c English
|e available
|t Error 5001 Not defined in file expand_doc_bib_avail.
|f 2
|g 0
|h N
|i 0
|j AN
|
| 999 |
|
|
|a From the UDN01
|
| AVA |
|
|
|a UDN50
|b LNN
|c English
|e available
|t Error 5001 Not defined in file expand_doc_bib_avail.
|f 2
|g 0
|h N
|i 0
|j AN
|
| TYP |
|
|
|a Monograph
|
| TYP |
|
|
|a Printed language
|
| 980 |
|
|
|a Mạng thư viện Đại học Đà Nẵng
|